[Event "PK LSB groep B"]
[Site "Leiden"]
[Date "2026.05.18"]
[Round "2"]
[White "Bingen, Stanley"]
[Black "Tegelaar, Nick"]
[Result "0-1"]
[WhiteElo "1412"]
[BlackElo "1672"]
[PlyCount "62"]
[EventDate "2026.??.??"]

1. c4 e5 2. d3 Nc6 3. Nc3 Bc5 4. g3 Nge7 5. Bg2 O-O 6. a3 a5 7. Nf3 d5 8. cxd5
Nxd5 9. Nxd5 Qxd5 10. Nh4 Qe6 11. O-O f5 12. Nf3 f4 13. Ng5 Qf5 14. Ne4 Ba7 15.
e3 f3 16. Bh1 Be6 17. h4 Rad8 18. Qc2 Bc8 19. Rd1 Rfe8 20. Ng5 h6 21. e4 Qf6
22. Nxf3 Bg4 23. Be3 Bxf3 24. Bxf3 Bxe3 25. Qb3+ Kh8 26. fxe3 Qxf3 27. Kh2 Qxe3
28. Qxb7 Nd4 29. Qxc7 Ne2 30. Qxa5 Qxg3+ 31. Kh1 Qh3# 0-1